000 00824nam a22002297a 4500
999 _c14526
_d14526
003 AR-CdUCM
008 190423b ||||| |||| 00| 0 spa d
020 _a978-987-612-918-3
040 _aMUNICIPALIDAD PROVINCIAL DEL CUSCO
_cBIBLIOTECA MUNICIPAL DEL CUSCO
041 _hspa
082 _aES / 869.9 /
_bL65
100 _aLins e Silva, Flavia
_933331
245 _aDiario de Pilar en Amazonas /
260 _aArgentina :
_bV&R,
_c2015.
300 _c19 cm.
_a144 páginas ;
505 _aContenido :La sociedad de los espías invisibles -- Una noticia por la mitad -- Un mar de hamacas -- Un pescador muy creativo -- Los encantos de la sirena ...
650 _aCuentos
_951705
650 _aHistorietas
_910786
700 _aPenna, Joana (ilustración)
_933332
942 _2ddc
_cLIBROS
945 _arum
_d2019-04-23